00458nam a2200133Ia 4500100002100000942000700021654003300028245004900061260003300110082001700143546001200160999001700172952013500189 aSmith F Willian  cBK aMaterials science and engg aPrinciples Materials Science and Engg 2/e bMc Graw HillaNew Yorkc1990 a620.112bPAN aENGLISH c31291d31291 001040708CRCaCRCEbCRCEc1452 | 45d2023-03-17eglobal booksg528.55l0o620.112 PANp7458r2023-03-17v528.55w2023-03-17yBK